Creating a better world : (Record no. 14081)

000 -LEADER
fixed length control field 00699cam a22002174a 4500
020 ## - INTERNATIONAL STANDARD BOOK NUMBER
ISBN 1565491882 (pbk. : alk. paper)
020 ## - INTERNATIONAL STANDARD BOOK NUMBER
ISBN 1565491890 (cloth : alk. paper)
040 ## - CATALOGING SOURCE
Transcribing agency DLC
082 00 - DEWEY DECIMAL CLASSIFICATION NUMBER
Classification number 303 KUM 2004 A064 Or.
245 00 - TITLE STATEMENT
Title Creating a better world :
Remainder of title interpreting global civil society /
260 ## - PUBLICATION, DISTRIBUTION, ETC. (IMPRINT)
Place of publication Bloomfield, CT :
Name of publisher Kumarian Press,
Year of publication 2004.
300 ## - PHYSICAL DESCRIPTION
Number of Pages xii, 210 p. :
Other physical details ill. ;
Dimensions 23 cm.
650 #0 - SUBJECT ADDED ENTRY--TOPICAL TERM
Topical Term Social movements.
650 #0 - SUBJECT ADDED ENTRY--TOPICAL TERM
Topical Term Civil society.
650 #0 - SUBJECT ADDED ENTRY--TOPICAL TERM
Topical Term International organization.
650 #0 - SUBJECT ADDED ENTRY--TOPICAL TERM
Topical Term Non-governmental organizations.
650 #0 - SUBJECT ADDED ENTRY--TOPICAL TERM
Topical Term Globalization
700 1# - ADDED ENTRY--PERSONAL NAME
Personal name Taylor, Rupert,
856 41 - ELECTRONIC LOCATION AND ACCESS
Uniform Resource Identifier http://www.loc.gov/catdir/toc/ecip0417/2004009896.html
942 ## - ADDED ENTRY ELEMENTS (KOHA)
Koha item type សៀវភៅភាសាអង់គ្លេស
952 ## - LOCATION AND ITEM INFORMATION (KOHA)
Withdrawn status [LOCAL, KOHA] 0
Holdings
Permanent Location Date acquired Koha item type Lost status Shelving location Barcode Current Location Full call number
Library Block A2017-10-06សៀវភៅភាសាអង់គ្លេស A064A19884Library Block A303 KUM 2004 A064 Or.
មជ្ឈមណ្ឌលឯការនៃសាកលវិទ្យាល័យភូមិន្ទកសិកម្មចំការដូង

Powered by Koha